[Event "LSS No Engine Cup 117 Preliminary 3"]
[Site "LSS email"]
[Date "2014.09.04"]
[Round "?"]
[White "Lainez, Jorge Antonio"]
[Black "Lombardi, Donato"]
[Result "1-0"]
[WhiteElo "752"]
[BlackElo "783"]
[PlyCount "77"]
[EventDate "2014.09.05"]
[EventType "tourn (corr)"]
[EventRounds "6"]
[EventCountry "GER"]
[SourceTitle "Corr 2015"]
[Source "ChessBase"]
[SourceDate "2015.07.17"]
[SourceVersion "1"]
[SourceVersionDate "2015.07.17"]
[SourceQuality "1"]

1. d4 d5 2. Nc3 e6 3. e4 Nf6 4. e5 Nfd7 5. Qg4 h6 6. Nf3 a6 7. h4 c5 8. Be2 cxd4 9. Qxd4 Nc6 10. Qg4 Ncxe5 11. Qg3 Qf6 12. 0-0 Bd6 13. Qh3 Nxf3+ 14. Bxf3 Qe5 15. Bd2 Nf6 16. Rae1 Qd4 17. Be3 Qb4 18. Nd1 0-0 19. g4 e5 20. b3 Bxg4 21. Bxg4 Qxg4+ 22. Qxg4 Nxg4 23. Bc1 e4 24. Nc3 Nh2 25. Nxd5 Nxf1 26. Rxf1 Rac8 27. c4 f5 28. Bb2 f4 29. Kg2 g5 30. h5 g4 31. Nf6+ Kf7 32. Nxe4 f3+ 33. Kg1 Bb8 34. Nf6 Rfd8 35. Nd5 Ke6 36. Re1+ Kf7 37. Re7+ Kf8 38. Bg7+ Kg8 39. Nf6# 1-0

[Event "LSS No Engine Cup 117 Preliminary 3"]
[Site "LSS email"]
[Date "2014.09.04"]
[Round "?"]
[White "Lainez, Jorge Antonio"]
[Black "Recio Chicharro, Luis"]
[Result "0-1"]
[WhiteElo "752"]
[BlackElo "1208"]
[PlyCount "78"]
[EventDate "2014.09.05"]
[EventType "tourn (corr)"]
[EventRounds "6"]
[EventCountry "GER"]
[SourceTitle "Corr 2015"]
[Source "ChessBase"]
[SourceDate "2015.07.17"]
[SourceVersion "1"]
[SourceVersionDate "2015.07.17"]
[SourceQuality "1"]

1. d4 d5 2. c4 e6 3. Nc3 Nf6 4. Bg5 Be7 5. Nf3 0-0 6. cxd5 exd5 7. e3 h6 8. Bh4 c6 9. Bd3 Nbd7 10. 0-0 Ne4 11. Bxe7 Qxe7 12. Nd2 Ndf6 13. f3 Nxc3 14. Qe1 Na4 15. b3 Nb6 16. f4 Re8 17. Rf3 Nh5 18. Nf1 Bg4 19. Rf2 Nf6 20. h3 Bd7 21. f5 Ne4 22. Rf4 f6 23. Ng3 Nxg3 24. Qxg3 Qxe3+ 25. Qxe3 Rxe3 26. Bf1 Rae8 27. Rc1 Re1 28. Rc2 Nc8 29. Kf2 R1e4 30. Rxe4 Rxe4 31. Rd2 Rf4+ 32. Kg1 Rxf5 33. g4 Rf4 34. Kg2 Nd6 35. Be2 Ne4 36. Rc2 g5 37. Bd3 h5 38. gxh5 Bxh3+ 39. Kh2 g4 0-1

[Event "OP-2014-0-03487"]
[Site "LSS email"]
[Date "2014.08.30"]
[Round "?"]
[White "Lainez, Jorge Antonio"]
[Black "Pantazi, Adrian"]
[Result "0-1"]
[WhiteElo "780"]
[BlackElo "2309"]
[PlyCount "50"]
[EventDate "2014.08.26"]
[EventType "tourn (corr)"]
[EventRounds "4"]
[EventCountry "GER"]
[SourceTitle "Corr 2015"]
[Source "ChessBase"]
[SourceDate "2015.07.17"]
[SourceVersion "1"]
[SourceVersionDate "2015.07.17"]
[SourceQuality "1"]

1. d4 Nf6 2. Nc3 d5 3. Nf3 c6 4. e3 Bg4 5. Be2 e6 6. Ne5 Bxe2 7. Qxe2 Nbd7 8. 0-0 Bd6 9. f4 0-0 10. a3 c5 11. b3 cxd4 12. exd4 Rc8 13. Nd1 Ne4 14. Bb2 Be7 15. Nf2 Ndf6 16. b4 a6 17. g3 Nxf2 18. Rxf2 Ne4 19. Rff1 Nd6 20. Qh5 g6 21. Qh6 Rxc2 22. Bc1 Qc7 23. g4 Qc3 24. Nd7 Qxd4+ 25. Kh1 Qe4+ 0-1

[Event "OP-2013-0-03194"]
[Site "LSS email"]
[Date "2013.12.24"]
[Round "?"]
[White "Heiser, Jerome"]
[Black "Lainez, Jorge Antonio"]
[Result "0-1"]
[WhiteElo "760"]
[BlackElo "766"]
[PlyCount "76"]
[EventDate "2013.12.21"]
[EventType "tourn (corr)"]
[EventRounds "4"]
[EventCountry "GER"]
[SourceTitle "Telechess CBM 167"]
[Source "ChessBase"]
[SourceDate "2015.07.13"]
[SourceVersion "1"]
[SourceVersionDate "2015.07.13"]
[SourceQuality "1"]

1. e4 c6 2. Nf3 d5 3. exd5 cxd5 4. d4 Nf6 5. Nc3 Bg4 6. Be2 e6 7. 0-0 Bb4 8. a3 Ba5 9. b4 Bb6 10. Re1 0-0 11. Ne5 Bf5 12. h3 Ne4 13. Nxe4 dxe4 14. Bg4 Bxd4 15. Nf3 Bxa1 16. Qxd8 Rxd8 17. Bxf5 exf5 18. Nh4 g6 19. Bg5 Bc3 20. Re3 Bd4 21. Re1 Rd6 22. g4 f6 23. Bf4 Rd8 24. gxf5 g5 25. Bxb8 Raxb8 26. Rxe4 Bb2 27. Nf3 Bxa3 28. h4 h6 29. hxg5 Rd1+ 30. Kg2 hxg5 31. c3 Bb2 32. c4 a6 33. Re7 Bc3 34. b5 a5 35. Ng1 a4 36. Ne2 Be5 37. c5 a3 38. c6 a2 0-1

[Event "OP-2013-0-03194"]
[Site "LSS email"]
[Date "2013.12.24"]
[Round "?"]
[White "Lainez, Jorge Antonio"]
[Black "Vontina, Maria"]
[Result "0-1"]
[WhiteElo "766"]
[BlackElo "711"]
[PlyCount "68"]
[EventDate "2013.12.21"]
[EventType "tourn (corr)"]
[EventRounds "4"]
[EventCountry "GER"]
[SourceTitle "Telechess CBM 167"]
[Source "ChessBase"]
[SourceDate "2015.07.13"]
[SourceVersion "1"]
[SourceVersionDate "2015.07.13"]
[SourceQuality "1"]

1. d4 Nf6 2. Nc3 d5 3. Bg5 e6 4. e4 dxe4 5. Nxe4 Be7 6. Nxf6+ Bxf6 7. Bxf6 Qxf6 8. Nf3 0-0 9. Bd3 h6 10. Qd2 Nc6 11. 0-0-0 b6 12. h4 Bb7 13. d5 exd5 14. Ng5 Ne5 15. f4 Nxd3+ 16. Qxd3 Qxf4+ 17. Kb1 g6 18. g3 Qf6 19. Rhf1 Qg7 20. Nf3 c5 21. g4 d4 22. g5 h5 23. a3 Rfe8 24. Qb3 Re3 25. c3 Bxf3 26. Rc1 Be4+ 27. Ka1 dxc3 28. bxc3 Rd8 29. Rf6 Bf5 30. Qa4 Rd2 31. Qxa7 Ree2 32. Qb8+ Kh7 33. Rxf5 gxf5 34. Qxb6 Qxc3+ 0-1